00525cam a2200181 4500001001100000008004100011020001500052035001500067100002600082245005900108250001200167260003300179440004500212300002000257650003500277942001200312999001900324HIS1006155021127s1997 mx r u000 p spa d a968299733X aHIS10061551 aVelázquez, Gabriela00aEn medio de un derrumbe de cielos/Gabriela Velázquez a1a. Ed. aMéxico :bCONACULTA,c1997 0aFondo editorial Tierra Adentro vno. 134 a71 p.; c21 cm. 4aLiteratura Mexicana xSiglo XX 2lccLIB c104189d104189